000 00796nam a2200289Ia 4500
005 20260324112413.0
008 008 260324s9999 xx 000 0 eng d
020 _a9781003187486
037 _aEBOOK
040 _aCRL
040 _beng
040 _cCRL
041 _2eng
041 _aeng
084 _qCRL
100 _aAndreas Demetriou; Samuel Greiff; George Spanoudis; Smaragda Kazi; Rita Panaoura; Mari-Pauliina Vainikainen; Nikolaos Makris
_91142554
245 0 _aEducating the Developing Mind
245 2 _bA Developmental Theory of Instruction
260 _bTaylor and Francis
260 _c2024
365 _a
365 _b230
856 _uhttp://www.taylorfrancis.com/books/9781003187486
942 _cEBOOK
999 _c1731747
_d1731747